[Event "Guernsey Holiday op 43rd"]
[Site "Guernsey"]
[Date "2017.10.19"]
[Round "5"]
[White "Stanners, Michael J"]
[Black "Carlsson, Johan"]
[Result "1-0"]
[WhiteElo "1761"]
[BlackElo "1552"]
[PlyCount "103"]
[EventDate "2017.10.15"]
[EventType "swiss"]
[EventRounds "7"]
[EventCountry "GCI"]
[SourceTitle "EXT 2020"]
[Source "ChessBase"]
[SourceDate "2019.10.17"]
[SourceVersion "1"]
[SourceVersionDate "2019.10.17"]
[SourceQuality "1"]

1. d4 e6 2. e3 d5 3. f4 Nf6 4. Nd2 Nbd7 5. Bd3 c5 6. b3 cxd4 7. exd4 Bd6 8. Ndf3 Bb4+ 9. Bd2 Qa5 10. Ne2 Bxd2+ 11. Nxd2 Ng4 12. Ng3 Ne3 13. Qe2 Qc3 14. Rc1 Qxd4 15. Nf3 Qxf4 16. Nd2 Nf6 17. Ngf1 Nxf1 18. Rxf1 Qxh2 19. Qf3 Qe5+ 20. Kd1 0-0 21. g4 Bd7 22. Qh3 Qg5 23. Rxf6 g6 24. Rf1 e5 25. Be2 Rfe8 26. Rh1 h5 27. Rg1 Bxg4 28. Bxg4 hxg4 29. Qxg4 Qxg4+ 30. Rxg4 e4 31. Ke2 Kg7 32. Rcg1 Rh8 33. R1g2 Rh3 34. c4 dxc4 35. Nxc4 b5 36. Ne3 Re8 37. Rg5 a6 38. Rd5 Re6 39. Rf2 f5 40. Rd7+ Kf6 41. Nd5+ Ke5 42. Nf4 Rd6 43. Rxd6 Kxd6 44. Nxh3 Ke5 45. Ke3 b4 46. Rg2 Kf6 47. Kf4 Ke6 48. Rxg6+ Kd5 49. Kxf5 Kd4 50. Rxa6 e3 51. Nf4 Kc3 52. Ke4 1-0